المواجهة الجنائية لجرائم المعلوماتية في النظامين المصري والبحريني على ضوء اتفاقية بودابست / (Record no. 24145)

MARC details
000 -الفاتح
حقل البيانات ثابتة الطول 01218nam a22002775a 4500
003 - محدد رقم الضبط
رقم الضبط OSt
005 - وقت وتاريخ اخر تعامل مع التسجيلة
رقم الضبط 20170214110622.0
008 - عناصر البيانات ثابتة الطول - معلومات عامة
حقل البيانات ثابتة الطول 170213s2013 ua frb 000 0 ara d
015 ## -
-- 2009 / 14121
020 ## - الرقم الدولى المعيارى للكتب
الرقم الدولى المعيارى للكتاب 9789770461415
040 ## - مصدر الفهرسة
وكالة الفهرسة الأصلية EG-ScBUE
لغة الفهرسة ara
وكالة النسخ EG-ScBUE
043 ## - رمز المنطقة الجغرافية
رمز المنطقة الجغرافية f-ua---
-- a-ba---
082 04 - رقم تصنيف ديوى العشرى
رقم التصنيف 345.0268
رقم المادة أ ح م
رقم الطبعة 22
100 1# - المدخل الرئيسى - إسم شخصى
الإسم الشخصى أحمد، هلالي عبد اللاه.
245 12 - بيان العنوان
العنوان المواجهة الجنائية لجرائم المعلوماتية في النظامين المصري والبحريني على ضوء اتفاقية بودابست /
بيان المسئوليه,etc تأليف هلالي عبد اللاه أحمد.
250 ## - بيان الطبعة
بيان الطبعة ط. 2.
260 ## - PUBLICATION, DISTRIBUTION, ETC. (IMPRINT)
مكان الناشر او الموزع القاهرة :
اسم الناشر او الموزع دار النهضة العربية،
تاريخ النشر أو التوزيع 2013.
300 ## - الوصف المادى
التعداد 387 ص. ؛
أبعاد الوعاء 24 سم.
504 ## - تبصرة ببليوجرافية
تبصرة ببليوجرافية,الخ يشتمل على إرجاعات ببليوجرافية.
630 07 - المدخل الاضافى بالموضوع - عنوان موحد
عنوان موحد اتفاقية بودابست
تاريخ توقيع المعاهده (23 نوفمبر 2001)
مصدر الرأس أو المصطلح BUEsh
650 #7 - المدخل الاضافى بالموضوع-مصطلح موضوعى
مصطلح موضوعي أو اسم جغرافي كعنصر مدخل جرائم الحاسبات الإلكترونية
التقسيم الفرعي العام قوانين وتشريعات
التقسيم الفرعي الجغرافي مصر.
مصدر الرأس أو المصطلح BUEsh
650 #7 - المدخل الاضافى بالموضوع-مصطلح موضوعى
مصطلح موضوعي أو اسم جغرافي كعنصر مدخل أمن الحاسبات الإلكترونية
التقسيم الفرعي العام قوانين وتشريعات
التقسيم الفرعي الجغرافي البحرين.
مصدر الرأس أو المصطلح BUEsh
651 ## - المدخل الاضافى بالموضوع - اسم جغرافى
مصدر الرأس أو المصطلح BUEsh
653 ## - مصطلح تكشيفى غير مقيد
Resource For college Law
Arrived date list February2017
942 ## - عناصر المدخل الإضافي( كوها)
مصدر التصنيف او مخطط الترفيف Dewey Decimal Classification
Holdings
حالة التراجع حالة الفقد مصدر التصنيف او خطة الترفيف حالة تلف ليس للاعارة مجموعات كوها المكان الدائم المكان الحالي موقع الترفيف تاريخ الاكتساب Source of acquisition سعر الشراء الطبيعي تعداد مسلسل / التسلسل الزمني رقم الاستدعاء الباركود Date last seen مُعار التكلفة نوع الوعاء
    Dewey Decimal Classification     دار النهضة العربية Central Library Central Library First floor 13/02/2017 Purchase 85.00 2815 345.0268 أ ح م 000045454 15/07/2025 05/12/2019 106.25 Book - Borrowing
    Dewey Decimal Classification     دار النهضة العربية Central Library Central Library First floor 13/02/2017 Purchase 85.00 2815 345.0268 أ ح م 000045455 15/07/2025 22/04/2024 106.25 Book - Borrowing